| 000 | 00617nam a2200205 a 4500 | ||
|---|---|---|---|
| 001 | 9953 | ||
| 003 | CO-ViMGA | ||
| 008 | 141112s2004 ck r 000 u spa d | ||
| 040 |
_aCO-ViMGA _bspa _cCO-ViMGA |
||
| 082 | 0 | 4 | _a070.4 F85 |
| 245 | 1 | 0 |
_aPrensa para la Democracia reto del Siglo XXI : _bMemorias |
| 260 |
_aBogotá : _btercer mundo, _c1992 |
||
| 300 | _a195p. | ||
| 650 | 1 | 4 |
_aCOLOMBIA SALE DE SU ENCRUCIJADA _912155 |
| 650 | 1 | 4 |
_aEL PODER MORAL DEL PERIODISMO _912156 |
| 650 | 1 | 4 |
_aLATINOAmérica PASA REVISTA _912157 |
| 650 | 1 | 4 |
_aLUCHA SIN FIN _912158 |
| 650 | 1 | 4 |
_aPRENSA DESAFIADA _912159 |
| 942 |
_2ddc _cBK |
||
| 999 |
_c21330 _d21330 |
||